[Event "London Classic U1600 op 10th"]
[Site "London"]
[Date "2018.12.16"]
[Round "4"]
[White "Bowcott Terry, Silas"]
[Black "Headley, Francis"]
[Result "0-1"]
[WhiteElo "1442"]
[BlackElo "1157"]
[PlyCount "82"]
[EventDate "2018.12.14"]
[EventType "swiss"]
[EventRounds "5"]
[EventCountry "ENG"]
[SourceTitle "CBM 187 Extra"]
[Source "ChessBase"]
[SourceDate "2018.11.04"]
[SourceVersion "1"]
[SourceVersionDate "2018.11.04"]
[SourceQuality "1"]

1. d4 Nf6 2. Bf4 g6 3. Nc3 d5 4. Qd2 Bg7 5. Nf3 0-0 6. Bh6 Nc6 7. Bxg7 Kxg7 8. h4 Bg4 9. Ne5 Nxe5 10. dxe5 Ne4 11. Nxe4 dxe4 12. Qf4 Qd7 13. Qxe4 Bf5 14. Qc4 Rad8 15. Qc3 Qd4 16. Qxd4 Rxd4 17. c3 Re4 18. 0-0-0 Rxe5 19. h5 h6 20. e3 Be6 21. Kc2 a5 22. a3 Rb8 23. hxg6 fxg6 24. Be2 a4 25. Kc1 b5 26. Rh4 c5 27. Rd2 g5 28. Rh2 b4 29. cxb4 cxb4 30. axb4 Rxb4 31. Rd4 Rxd4 32. exd4 Rxe2 33. f3 Bf5 34. g4 Rxh2 35. gxf5 Kf6 36. Kb1 Kxf5 37. d5 Kf4 38. Ka2 Kxf3 39. Ka3 g4 40. Kb4 Rxb2+ 41. Kc5 Rd2 0-1